América en Europa /

Germán Arciniegas (Bogotá, 1900-1999), fue historiador, periodista y diplomático. Escritor de gran conciencia democrática, combatió en sus obras a las dictaduras que dominaron Latinoamérica durante largos años, y de hecho tal preocupación constituye el tema central de gran parte de su obra. De talan...

Mô tả đầy đủ

Đã lưu trong:
Chi tiết về thư mục
Tác giả chính: Arciniegas, Germán (autor)
Định dạng: Sách
Ngôn ngữ:Tiếng Tây Ban Nha
Những chủ đề:
Các nhãn: Thêm thẻ
Không có thẻ, Là người đầu tiên thẻ bản ghi này!

MARC

LEADER 00000nam^a2200000^a^4500
001 000100602
005 20250521000000.0
009 20260310093207.719
037 |a Acervo ITESO - Biblioteca 
041 |a ESP 
082 |a 864.  |b ARC 
100 |a Arciniegas, Germán  |e (autor) 
245 1 0 |a América en Europa /  |c G. Arciniegas. 
264 |a Buenos Aires, Argentina :  |b Editorial Sudamericana,  |c 1975 
300 |a 335 p. 
336 |a texto  |b txt  |2 rdacontenido 
337 |a sin mediación  |b n  |2 rdamedio 
338 |a volumen  |b nc  |2 rdasoporte 
520 |a Germán Arciniegas (Bogotá, 1900-1999), fue historiador, periodista y diplomático. Escritor de gran conciencia democrática, combatió en sus obras a las dictaduras que dominaron Latinoamérica durante largos años, y de hecho tal preocupación constituye el tema central de gran parte de su obra. De talante liberal, fue perseguido y censurado en diversos momentos de su trayectoria. Algunos de sus tÍtulos son: Los comuneros (1938), Biografía del Caribe (1945), Entre la libertad y el miedo (1952), América mágica (1961), El mundo de la bella Simonetta (1962), El continente de siete colores (1965), Roma secretísima (1972) y Bolívar y la revolución (1984). 
649 |a XX 
650 |a Ensayos Colombianos 
650 |a Literatura Colombiana -  |y Siglo XX 
650 |a América -  |x Historia 
650 |a Europa -  |x Historia 
910 |a Fondo Jesús Rodríguez 
920 |a Impresos - Libros 
930 |a Fondos Especiales 
940 |a Literatura 
905 |a 113 
901 |a 0500034749  |b IT2  |c ESP  |u 20250521 
902 |a https://opac.biblio.iteso.mx/vufind/Record/000100602